000 00992nas a2200313 4500
001 BR9507146
003 BR-BrBNA
005 20231205094508.0
007 ta
008 230509b bl.|||p| |||| 00| 00por d
040 _aBR-BrBNA
_bpor
_cBiblioteca Nacional de Agricultura
041 _a(Pt)
072 _aP33; F08
100 1 _aAlbuquerque, J.A.
100 1 _aReinert, D.J.
100 1 _aFiorin, J.E.
100 1 _aRuedell, J.
100 1 _aPetrere, C.
100 1 _aFontinelli, F.
245 1 _aRotacao de culturas e sistemas de manejo do solo: efeito sobre a forma da estrutura do solo ao final de sete anos
650 _aRotacao de Cultura
650 _aPlantio Direto
650 _aManejo do Solo
650 _aEstrutura do Solo
650 _aLatossolo Vermelho Escuro
773 0 _tRevista Brasileira de Ciencia do Solo (Brazil)
_xISSN 0100-0683
_g(Jan-Apr 1995), v. 19(1) p. 115-119
_wBR9507146
909 _a202311
_bLúcia
_c55
_dLúcia Elande
942 _2AGRIS
_n0
_cANA
999 _c144745
_d144745